Ứng dụng matlab trong điều khiển tự động

Na minha lista:
Detalhes bibliográficos
Autor principal: NGUYỄN VĂN GIÁP
Formato: Livro
Idioma:Undetermined
Publicado em: ĐHQG Tp HCM
Tags: Adicionar Tag
Sem tags, seja o primeiro a adicionar uma tag!
Thư viện lưu trữ: Trung tâm Học liệu Trường Đại học Cần Thơ
LEADER 00420nam a2200133Ia 4500
001 CTU_47682
008 210402s9999 xx 000 0 und d
082 |a 629.895 
082 |b Gi109 
100 |a NGUYỄN VĂN GIÁP 
245 0 |a Ứng dụng matlab trong điều khiển tự động 
245 0 |c NGUYỄN VĂN GIÁP 
260 |b ĐHQG Tp HCM 
980 |a Trung tâm Học liệu Trường Đại học Cần Thơ